000 00247nam a2200109Ia 4500
008 220622s9999 xx 000 0 und d
020 _a978 0 8225 6618 2
082 _aJ 560 WALK
100 _aWALKER,S
_9139558
245 0 _aFOSSILS
942 _cBK
_w561
_xJohn Tresidder
_y561
_zJohn Tresidder
999 _c671023
_d671022